[Event "Manhem Chessweek GM"]
[Site "Mölnlycke kulturhus, Bibliot"]
[Date "2017.08.16"]
[Round "7.5"]
[White "Rydström, Tom"]
[Black "Andersson, Tommy"]
[Result "0-1"]
[WhiteElo "2301"]
[BlackElo "2414"]
[PlyCount "76"]
[EventDate "2017.09.12"]

1. e4 c5 2. Nf3 d6 3. d4 cxd4 4. Nxd4 Nf6 5. Nc3 a6 6. Bg5 Nbd7 7. Qe2 h6 8.
Bh4 b5 9. O-O-O Bb7 10. a3 Rc8 11. Nd5 g5 12. Bg3 e6 13. Nxf6+ Qxf6 14. h4 Rg8
15. hxg5 hxg5 16. Kb1 Be7 17. f3 Kf8 18. Qd2 Ne5 19. Be2 d5 20. f4 gxf4 21. Bh4
Qg6 22. Bh5 Qxe4 23. Bxe7+ Kxe7 24. Rhe1 Rxg2 25. Qb4+ Kf6 26. Rxe4 dxe4 27.
Rf1 f3 28. Nxf3 Nxf3 29. Qd4+ Ke7 30. Qb4+ Kf6 31. c3 Bd5 32. Qd4+ Kf5 33. Qa7
f6 34. Qxa6 Rcg8 35. Qxb5 Rg1 36. Bxf3 exf3 37. Rxg1 Rxg1+ 38. Kc2 f2 0-1

[Event "Manhem Chessweek GM"]
[Site "Mölnlycke kulturhus, Bibliot"]
[Date "2017.08.17"]
[Round "8.1"]
[White "Rozentalis, Eduardas"]
[Black "Hillarp Persson, Tiger"]
[Result "1-0"]
[WhiteElo "2517"]
[BlackElo "2522"]
[PlyCount "101"]
[EventDate "2017.09.12"]

1. e4 c5 2. Nf3 Nf6 3. e5 Nd5 4. Nc3 Nxc3 5. dxc3 Nc6 6. Bc4 e6 7. O-O Qc7 8.
Re1 a6 9. a4 b6 10. Bf4 f5 11. Nd2 Bb7 12. Bf1 Nd8 13. Nc4 Nf7 14. Qd2 Be7 15.
Nd6+ Bxd6 16. exd6 Qd8 17. b4 O-O 18. a5 b5 19. bxc5 Rc8 20. Qd4 Rc6 21. Be5 g6
22. c4 b4 23. Bf6 Qc8 24. Rab1 Rxc5 25. Rxb4 Be4 26. Be7 e5 27. Qe3 Re8 28. Rb8
Qxb8 29. Qxc5 Qb2 30. Qb6 Qxc2 31. c5 Qd2 32. Re2 Qd4 33. Rb2 Bc6 34. Qb4 Qd1
35. Rb1 Qd5 36. Qb3 Qe4 37. Rc1 f4 38. Qc4 Qf5 39. f3 Kg7 40. Bd3 Qh5 41. Be4
Bb5 42. Qc3 Rc8 43. Re1 Bc6 44. Bd3 Bb7 45. Qb2 Bd5 46. Bxa6 Ra8 47. Bb7 Rb8
48. a6 Qf5 49. a7 Rxb7 50. a8=Q Rxb2 51. Qf8# 1-0

[Event "Manhem Chessweek GM"]
[Site "Mölnlycke kulturhus, Bibliot"]
[Date "2017.08.17"]
[Round "8.2"]
[White "Westerberg, Jonathan"]
[Black "Johansson, Linus"]
[Result "1/2-1/2"]
[WhiteElo "2488"]
[BlackElo "2459"]
[PlyCount "58"]
[EventDate "2017.09.12"]

1. e4 c5 2. Nf3 Nc6 3. Bb5 g6 4. O-O Bg7 5. Re1 e5 6. a3 Nge7 7. b4 b6 8. bxc5
bxc5 9. Nc3 O-O 10. Bc4 Rb8 11. d3 d6 12. Bg5 h6 13. Bxe7 Nxe7 14. Nd2 Kh7 15.
Rb1 Rxb1 16. Qxb1 f5 17. Nd5 f4 18. Nxe7 Qxe7 19. f3 g5 20. Qb5 h5 21. Rb1 g4
22. Qc6 g3 23. h3 Qd8 24. Qa4 Qc7 25. Bd5 Qe7 26. Qc6 Qd8 27. Qa4 Qe7 28. Kf1
Qh4 29. Kg1 Qe7 1/2-1/2

[Event "Manhem Chessweek GM"]
[Site "Mölnlycke kulturhus, Bibliot"]
[Date "2017.08.17"]
[Round "8.3"]
[White "von Bahr, Oskar"]
[Black "Rydström, Tom"]
[Result "1-0"]
[WhiteElo "2433"]
[BlackElo "2301"]
[PlyCount "87"]
[EventDate "2017.09.12"]

1. e4 e5 2. Nf3 Nc6 3. Bb5 a6 4. Ba4 Nf6 5. O-O Bc5 6. c3 b5 7. Bb3 d6 8. a4
Rb8 9. d4 Bb6 10. a5 Ba7 11. h3 O-O 12. Be3 Ra8 13. Nbd2 Re8 14. Re1 Bb7 15. d5
Ne7 16. Bxa7 Rxa7 17. Qb1 Ng6 18. Kh2 Bc8 19. c4 Nf4 20. Bd1 h6 21. cxb5 axb5
22. b4 Nh7 23. Be2 Bd7 24. Bf1 Ng5 25. Qb3 Rf8 26. Nxg5 hxg5 27. g3 Nh5 28. Be2
g6 29. Bg4 Ra8 30. Qf3 Kg7 31. Bxd7 Qxd7 32. Qg4 Qe7 33. Nf3 Kh6 34. h4 gxh4
35. Nxh4 Nf6 36. Qe2 Kg7 37. Kg2 Qd7 38. Rac1 Rh8 39. Rh1 Ra6 40. Qe3 Ng4 41.
Qg5 Nh6 42. Nf5+ Nxf5 43. Rxh8 f6 44. Rch1 1-0

[Event "Manhem Chessweek GM"]
[Site "Mölnlycke kulturhus, Bibliot"]
[Date "2017.08.17"]
[Round "8.5"]
[White "Andersson, Tommy"]
[Black "Antonsen, Mikkel"]
[Result "1/2-1/2"]
[WhiteElo "2414"]
[BlackElo "2440"]
[PlyCount "52"]
[EventDate "2017.09.12"]

1. d4 Nf6 2. c4 e6 3. Nf3 d5 4. Nc3 c5 5. cxd5 Nxd5 6. e4 Nxc3 7. bxc3 cxd4 8.
cxd4 Bb4+ 9. Bd2 Bxd2+ 10. Qxd2 O-O 11. Be2 b6 12. O-O Bb7 13. Qe3 Nd7 14. a4
Rc8 15. h3 h6 16. Rfd1 Nf6 17. Nd2 Qc7 18. f3 Rfd8 19. a5 bxa5 20. Nb3 Nh5 21.
Rxa5 Ng3 22. Bd3 Qc3 23. Rxa7 Qxb3 24. Rb1 Qxb1+ 25. Bxb1 Rc1+ 26. Qxc1 Ne2+
1/2-1/2

[Event "Manhem Chessweek GM"]
[Site "Mölnlycke kulturhus, Bibliot"]
[Date "2017.08.18"]
[Round "9.1"]
[White "Antonsen, Mikkel"]
[Black "von Bahr, Oskar"]
[Result "1-0"]
[WhiteElo "2440"]
[BlackElo "2433"]
[PlyCount "95"]
[EventDate "2017.09.12"]

1. d4 Nf6 2. c4 c5 3. d5 b5 4. cxb5 a6 5. bxa6 g6 6. Nc3 Bg7 7. e4 O-O 8. Nf3
Qa5 9. Nd2 Bxa6 10. Be2 d6 11. O-O Nbd7 12. Nc4 Qb4 13. a3 Qb7 14. Rb1 Nb6 15.
Nxb6 Qxb6 16. b4 Bxe2 17. Qxe2 Nd7 18. bxc5 Qxc5 19. Nb5 Rfc8 20. Bg5 Bf6 21.
Rfc1 Qb6 22. Nc7 Bxg5 23. Rxb6 Nxb6 24. Rc6 Rxa3 25. g3 Ra7 26. Qb5 Rcxc7 27.
Qxb6 Rd7 28. Qb8+ Kg7 29. Qe8 Rdc7 30. Kg2 h5 31. f4 Bf6 32. Kh3 g5 33. fxg5
Bxg5 34. e5 dxe5 35. Rxc7 Rxc7 36. Qb8 Rc4 37. Qxe5+ Kg6 38. d6 e6 39. d7 Be7
40. Qh8 Rc5 41. Qg8+ Kf6 42. d8=Q Bxd8 43. Qxd8+ Kg6 44. Qg8+ Kf6 45. Kh4 Rf5
46. g4 hxg4 47. Kxg4 Rf2 48. Qg5# 1-0

[Event "Manhem Chessweek GM"]
[Site "Mölnlycke kulturhus, Bibliot"]
[Date "2017.08.18"]
[Round "9.2"]
[White "Hillarp Persson, Tiger"]
[Black "Westerberg, Jonathan"]
[Result "0-1"]
[WhiteElo "2522"]
[BlackElo "2488"]
[PlyCount "84"]
[EventDate "2017.09.12"]

1. Nf3 d5 2. g3 Nf6 3. Bg2 e6 4. O-O Be7 5. d3 O-O 6. Nbd2 c5 7. e4 Nc6 8. Re1
b5 9. e5 Nd7 10. Nf1 a5 11. h4 b4 12. N1h2 a4 13. h5 a3 14. h6 g6 15. Ng4 axb2
16. Bxb2 Bb7 17. a3 bxa3 18. Rxa3 Rxa3 19. Bxa3 Qa5 20. Bc1 Qa4 21. c4 Qxd1 22.
Rxd1 Ra8 23. Bf4 Ra3 24. Bg5 Bf8 25. Be3 Nb4 26. Ne1 Bc6 27. Kh2 Be7 28. Bf1 d4
29. Bd2 Ra2 30. Bxb4 cxb4 31. Bg2 Ba4 32. Rb1 b3 33. Nf3 Bc5 34. Kh3 b2 35. Ne1
Ba3 36. c5 Ra1 37. Rxb2 Bxb2 38. c6 Bxc6 39. Bxc6 Nb8 40. Nf6+ Kh8 41. Nf3 Nxc6
42. Ng5 Nd8 0-1

[Event "Manhem Chessweek GM"]
[Site "Mölnlycke kulturhus, Bibliot"]
[Date "2017.08.18"]
[Round "9.3"]
[White "Rydström, Tom"]
[Black "Rozentalis, Eduardas"]
[Result "1/2-1/2"]
[WhiteElo "2301"]
[BlackElo "2517"]
[PlyCount "43"]
[EventDate "2017.09.12"]

1. e4 c6 2. d4 d5 3. e5 Na6 4. Nf3 g6 5. c4 Nc7 6. Nc3 Bg7 7. Qb3 Nh6 8. cxd5
Nxd5 9. Bc4 e6 10. Ne4 O-O 11. h4 Qb6 12. Qd3 Nf5 13. a3 h5 14. Bg5 Qa5+ 15.
Bd2 Qc7 16. Rc1 Rd8 17. Bg5 Nde7 18. Nf6+ Kf8 19. Nh7+ Kg8 20. Nf6+ Kf8 21.
Nh7+ Kg8 22. Nf6+ 1/2-1/2

[Event "Manhem Chessweek GM"]
[Site "Mölnlycke kulturhus, Bibliot"]
[Date "2017.08.18"]
[Round "9.5"]
[White "Gritsak, Orest"]
[Black "Andersson, Tommy"]
[Result "1/2-1/2"]
[WhiteElo "2474"]
[BlackElo "2414"]
[PlyCount "23"]
[EventDate "2017.09.12"]

1. d4 Nf6 2. Nf3 e6 3. c4 Bb4+ 4. Bd2 c5 5. Bxb4 cxb4 6. e3 a5 7. a3 Na6 8. Be2
d6 9. axb4 Nxb4 10. Nc3 O-O 11. O-O b6 12. Na2 1/2-1/2